Mythical Fruits : Blox Fruits - Statistics

General Stats
  • This quiz has been taken 250 times
    38 since last reset
  • The average score is 7 of 11
Answer Stats
Hint Answer % Correct
15m Dragon
88%
2.5m Gravity
79%
8m Kitsune
79%
5m Leopard
79%
2.7m Trex
58%
3m Venom
58%
2.8m Dough
54%
2.7m Mammoth
50%
2.9m Shadow
50%
3.2m Control
38%
3.4m Spirit
33%
No matching quizzes found
Score Distribution
Percent of People with Each Score
Percentile by Number Answered
Your Score History
You have not taken this quiz since the last reset